| 000 | 00381nam a2200121Ia 4500 | ||
|---|---|---|---|
| 008 | 171212s9999 xx 000 0 und d | ||
| 020 | _a9780833078681 | ||
| 100 | _aBaiocchi, Dave | ||
| 245 |
_cBaiocchi, Dave _aMeasuring Army Deployments to Iraq and Afghanistan |
||
| 260 |
_bRAND Corporation _c2013 |
||
| 650 | _aHistory | ||
| 856 | _uhttp://www.jstor.org/stable/10.7249/j.ctt5hhv0r | ||
| 999 |
_c352305 _d352305 |
||